GLOBÁLIS ELLÁTÁSI LÁNCOK AKTUÁLIS KIHÍVÁSAI CURRENT CHALLENGES OF GLOBAL SUPPLY CHAINS

Bibliográfiai részletek
Szerzők: Király Éva
Hegedűs Ferenc
Domboróczky Zoltán
Dokumentumtípus: Cikk
Megjelent: Budapesti Gazdasági Egyetem 2023
Sorozat:Multidiszciplináris Kihívások, Sokszínű Válaszok 2023 No. 1
Tárgyszavak:
mtmt:https://doi.org/10.33565/MKSV.2023.01.03
Kulcsszavak:Globális ellátási láncok
Brexit
COVID-19
Orosz-ukrán háború
Ellátási lánc integráció
Digitalizáció
Online Access:http://publikaciotar.uni-bge.hu/2523

MARC

LEADER 00000nab a2200000 i 4500
001 publ2523
005 20260306113053.0
008 260306s2023 hu o 000 zxx d
022 |a 2630-886X 
024 |a https://doi.org/10.33565/MKSV.2023.01.03  |2 doi 
040 |a BGE Publikációtár Repozitórium  |b hun 
100 1 |a Király Éva 
245 1 0 |a GLOBÁLIS ELLÁTÁSI LÁNCOK AKTUÁLIS KIHÍVÁSAI  |b CURRENT CHALLENGES OF GLOBAL SUPPLY CHAINS  |c Király Éva  |h [elektronikus dokumentum] 
260 |a Budapesti Gazdasági Egyetem  |c 2023 
300 |a 55-92 
490 0 |a Multidiszciplináris Kihívások, Sokszínű Válaszok  |v 2023 No. 1 
520 3 |a A közelmúlt környezeti-, társadalmi-és gazdasági változásai ráirányították a figyelmet a globális ellátási láncok sérülékenységére. Különösen azokban az esetekben igaz ez, amikor a külső befolyásoló tényezők válságszerűek, hiszen a válságok –természetükbőladódóan –újszerű kezelést, megoldást kívánnak. Az ellátási lánc menedzsment tudományterülete jelenleg éppen olyan periódusban van, amikor ezeket az újszerű megoldásokat szükséges felszínre hozni, hiszen a korábbi gyakorlatok már nem feltétlenül képesek szavatolni az ellátási láncok szakadásmentes és kiszámítható működését a megváltozott feltételrendszerben.Tanulmányunkban összefoglaljuk a közelmúlt azon traumáit, amelyek közvetlen vagy közvetett hatást gyakoroltak a globális ellátási láncokra. E tekintetben nem a közvetlen vagy közvetett jellemzőre koncentráltunk, hanem az ellátási láncokra gyakorolt hatás mértékére. A globális befolyásoló hatások számbavételén túl vizsgáljuk az egyes jelenségek logisztikai, ellátási lánc szervezési következményeit, melyek okán várhatóan számos vállalat átalakítja üzleti modelljét. Tanulmányunkban a szcenárió-elemzés módszertanát alkalmazva megfogalmazzuk az átalakulás lehetséges jövőbeli dimenzióit, szem előtt tartva ezek gyakorlati alkalmazhatóságát, hiszen olyan kihívásokra igyekeznek választ adni, melyekkel a közeljövőben a vállalatoknak szembesülni kell ellátási láncaik megszervezése és működtetése során. 
650 4 |a gazdálkodás- és szervezéstudományok 
695 |a Globális ellátási láncok 
695 |a Brexit 
695 |a COVID-19 
695 |a Orosz-ukrán háború 
695 |a Ellátási lánc integráció 
695 |a Digitalizáció 
700 1 |a Hegedűs Ferenc  |e aut 
700 1 |a Domboróczky Zoltán  |e aut 
856 4 0 |u https://publikaciotar.uni-bge.hu/id/eprint/2523/1/11434-Cikk%20sz%C3%B6veg-54009-1-10-20231002.pdf  |z Dokumentum-elérés